English Football Club Badges #3 - Statistics

General Stats
  • This quiz has been taken 3,273 times
    1,775 since last reset
  • The average score is 12 of 16
Answer Stats
Picture Answer % Correct
Liverpool
100%
Brentford
94%
Manchester United
94%
Millwall
92%
Sunderland
92%
Hull City
90%
Leicester City
87%
Plymouth Argyle
82%
Wycombe Wanderers
74%
Bristol Rovers
64%
Walsall
63%
Burton Albion
61%
Northampton Town
60%
Barrow
46%
Hartlepool United
34%
Sutton United
30%
No matching quizzes found
Score Distribution
Percent of People with Each Score
Percentile by Number Answered
Your Score History
You have not taken this quiz since the last reset